Pokémon - Les attaques de Ékaïser - Statistiques

Statistiques générales
  • Ce quiz a été pris 17 fois
  • Le résultat moyen est 12 sur 19
Statistiques - réponses
Niveaux Types Noms des attaques % Correct
Départ Évolution Dragon Vibrécaille
100%
Niveau 60 Combat Close Combat
88%
Niveau 52 Dragon Colère
88%
Niveau 44 Dragon Danse Draco
88%
Départ Dragon Draco-Queue
88%
Niveau 28 Acier Mur de Fer
88%
Départ Normal Charge
75%
Niveau 16 Normal Coup d'Boule
75%
Niveau 68 Dragon Dracacophonie
75%
Niveau 32 Dragon Draco-Griffe
75%
Départ Normal Groz'Yeux
75%
Départ Normal Abri
63%
Départ Acier Allègement
50%
Niveau 76 Normal Bang Sonique
50%
Niveau 24 Normal Grincement
50%
Départ Normal Cognobidon
25%
Niveau 12 Normal Grimace
25%
Niveau 38 Normal Râle Mâle
25%
Niveau 20 Normal Rengorgement
25%
Aucun quiz correspondant
Distribution des résultats
% des personnes avec chaque résultat
Percentile par nombre de réponses
Votre historique - résultats
Vous n’avez pas pris ce quiz